000 00678nam a2200241Ia 4500
003 OSt
005 20220926000503.0
006 a|||||r|||| 00| 0
007 ta
008 220923b |||||||| |||| 00| 0 eng d
037 _cGeneral Book
040 _aRTL
_cRTL
_beng
041 _2eng
_aeng
082 _az.2.N69t5, L1
110 _aIndia Planning Commission
245 0 _aFourth five year plan, 1969-74 summary (Hindi)
260 _a New Delhi
_bIndia Planning Commission India
_c1971
300 _a174p.
_ccm.
650 _aGenerglia
700 _aIndia Planning Commission
942 _hz.2.N69t5, L1
_cGB
_2CC
999 _c599144
_d599144